[Event "EU-ch rapid"]
[Site "Tallinn"]
[Date "2019.12.05"]
[Round "2"]
[White "Pohjala, Henri"]
[Black "Dumcheva, Julia"]
[Result "1-0"]
[WhiteElo "2418"]
[BlackElo "2113"]
[PlyCount "77"]
[EventDate "2019.12.05"]
[EventType "swiss"]
[EventRounds "13"]
[EventCountry "EST"]
[SourceTitle "CBM 193 Extra"]
[Source "ChessBase"]
[SourceDate "2020.01.31"]
[SourceVersion "1"]
[SourceVersionDate "2020.01.31"]
[SourceQuality "1"]

1. d4 Nf6 2. Bg5 Ne4 3. Bf4 d5 4. e3 f5 5. Bd3 Nf6 6. Nf3 e6 7. 0-0 Be7 8. Nbd2 0-0 9. Ne5 Nbd7 10. Bg3 c5 11. c3 Nxe5 12. Bxe5 b6 13. Qe2 a5 14. Kh1 Bd6 15. Bxd6 Qxd6 16. f4 c4 17. Bc2 b5 18. Nf3 b4 19. a3 Bd7 20. Ne5 Rfb8 21. g4 bxc3 22. bxc3 Rb2 23. gxf5 exf5 24. Rfb1 Rab8 25. Qd1 Ne4 26. Qc1 Rxb1 27. Rxb1 Be8 28. Rxb8 Qxb8 29. Bxe4 fxe4 30. f5 Qb6 31. Qf1 Qh6 32. Qf2 Qg5 33. h4 Qh5 34. Kh2 Qd1 35. Kg3 Qc1 36. f6 gxf6 37. Ng4 f5 38. Qxf5 Bf7 39. Nh6+ 1-0

[Event "Wch Blitz (Women)"]
[Site "St Petersburg"]
[Date "2018.12.30"]
[Round "17"]
[White "Dumcheva, Julia"]
[Black "Eryshkanova, Anastasiya"]
[Result "1-0"]
[WhiteElo "2168"]
[BlackElo "2187"]
[PlyCount "107"]
[EventDate "2018.12.29"]
[EventType "swiss (blitz)"]
[EventRounds "17"]
[EventCountry "RUS"]
[SourceTitle "CBM 187 Extra"]
[Source "ChessBase"]
[SourceDate "2018.11.04"]
[SourceVersion "1"]
[SourceVersionDate "2018.11.04"]
[SourceQuality "1"]

1. e4 e5 2. Nf3 Nf6 3. Nxe5 Qe7 4. Nf3 Nxe4 5. Be2 d5 6. 0-0 Be6 7. d3 Nf6 8. d4 Nbd7 9. Re1 h6 10. c4 0-0-0 11. c5 g5 12. Qa4 Kb8 13. Nc3 Ne4 14. Bd3 c6 15. Nxe4 dxe4 16. Bxe4 Nf6 17. Bc2 Bg7 18. Ne5 Nd5 19. Bd2 Nc7 20. Ba5 Bxe5 21. Rxe5 Rd7 22. Rae1 Rhd8 23. Bc3 Nd5 24. Bf5 Qf6 25. Bxe6 fxe6 26. Rxe6 Qf4 27. Qd1 Qf5 28. R6e5 Qf7 29. Qg4 Nf4 30. R5e3 a6 31. Qg3 Ka8 32. Qf3 Qxa2 33. g3 Nd5 34. Re8 Nxc3 35. Rxd8+ Rxd8 36. bxc3 Qd2 37. Rb1 Qc2 38. Rb4 Re8 39. Qf7 Re1+ 40. Kg2 Qe4+ 41. Kh3 Qe7 42. Qxe7 Rxe7 43. f4 gxf4 44. gxf4 Re3+ 45. Kg4 Kb8 46. f5 Kc7 47. Rb3 Re2 48. h4 Rf2 49. Rb1 a5 50. Ra1 b6 51. cxb6+ Kxb6 52. c4 h5+ 53. Kg5 Ka6 54. f6 1-0

[Event "Wch Blitz (Women)"]
[Site "St Petersburg"]
[Date "2018.12.30"]
[Round "16"]
[White "Strutinskaya, Galina N"]
[Black "Dumcheva, Julia"]
[Result "1-0"]
[WhiteElo "2201"]
[BlackElo "2168"]
[PlyCount "55"]
[EventDate "2018.12.29"]
[EventType "swiss (blitz)"]
[EventRounds "17"]
[EventCountry "RUS"]
[SourceTitle "CBM 187 Extra"]
[Source "ChessBase"]
[SourceDate "2018.11.04"]
[SourceVersion "1"]
[SourceVersionDate "2018.11.04"]
[SourceQuality "1"]

1. d4 Nf6 2. c4 g6 3. Nc3 Bg7 4. e4 d6 5. Be2 0-0 6. Be3 Na6 7. f3 c5 8. d5 e6 9. dxe6 fxe6 10. Qd2 Ne8 11. h4 Bd7 12. h5 Qe7 13. hxg6 hxg6 14. Nh3 Nb4 15. Bg5 Nf6 16. 0-0-0 d5 17. cxd5 exd5 18. exd5 Rae8 19. Bc4 Qd6 20. Bf4 Qb6 21. Ng5 Qa5 22. d6+ Be6 23. Nxe6 Rxe6 24. Bxe6+ Rf7 25. Kb1 Nd7 26. a3 Nc6 27. Nd5 Qxd2 28. Rxd2 1-0

[Event "Wch Rapid (Women)"]
[Site "St Petersburg"]
[Date "2018.12.28"]
[Round "10"]
[White "Mamedjarova, Turkan"]
[Black "Dumcheva, Julia"]
[Result "1-0"]
[WhiteElo "2295"]
[BlackElo "2168"]
[PlyCount "79"]
[EventDate "2018.12.26"]
[EventType "swiss (rapid)"]
[EventRounds "12"]
[EventCountry "RUS"]
[SourceTitle "CBM 187 Extra"]
[Source "ChessBase"]
[SourceDate "2018.11.04"]
[SourceVersion "1"]
[SourceVersionDate "2018.11.04"]
[SourceQuality "1"]

1. d4 Nf6 2. Nf3 g6 3. g3 Bg7 4. Bg2 0-0 5. 0-0 d6 6. c4 Nc6 7. Nc3 e5 8. d5 Nb8 9. e4 a5 10. h3 Na6 11. Be3 b6 12. Qd2 Nc5 13. Nh2 Nh5 14. g4 Nf6 15. f4 exf4 16. Bxf4 Nfd7 17. Nf3 Ba6 18. b3 Qe7 19. Nd4 Ne5 20. Bg5 f6 21. Be3 Rae8 22. Rad1 Bc8 23. Qe2 Bd7 24. a3 Ra8 25. b4 axb4 26. axb4 Na4 27. Ncb5 Rfc8 28. Qc2 c6 29. dxc6 Bxc6 30. Qb3 Bxb5 31. cxb5+ Qf7 32. Qxf7+ Kxf7 33. Nc6 Ke6 34. Bd4 Bh6 35. h4 g5 36. h5 Bf8 37. Rf5 h6 38. Bf1 Bg7 39. Bxe5 fxe5 40. Bc4+ 1-0

[Event "Wch Rapid (Women)"]
[Site "St Petersburg"]
[Date "2018.12.26"]
[Round "1"]
[White "Dumcheva, Julia"]
[Black "Khademalsharieh, Sarasadat"]
[Result "0-1"]
[WhiteElo "2168"]
[BlackElo "2470"]
[PlyCount "110"]
[EventDate "2018.12.26"]
[EventType "swiss (rapid)"]
[EventRounds "12"]
[EventCountry "RUS"]
[SourceTitle "CBM 187 Extra"]
[Source "ChessBase"]
[SourceDate "2018.11.04"]
[SourceVersion "1"]
[SourceVersionDate "2018.11.04"]
[SourceQuality "1"]

1. e4 e5 2. Nf3 Nc6 3. Bb5 g6 4. 0-0 Bg7 5. Nc3 a6 6. Bxc6 bxc6 7. Re1 Ne7 8. d3 0-0 9. Bg5 h6 10. Bh4 d6 11. d4 exd4 12. Nxd4 g5 13. Bg3 c5 14. Nb3 Ng6 15. Rb1 Be6 16. e5 Bxb3 17. axb3 Nxe5 18. f4 gxf4 19. Bxf4 Ng6 20. Bg3 Qd7 21. Qd3 a5 22. Rf1 Rae8 23. Ra1 Bd4+ 24. Kh1 Re3 25. Qd1 Re6 26. Rxa5 Qc6 27. Ra1 Kg7 28. Qh5 Bxc3 29. bxc3 Qe4 30. Rf2 f5 31. Raf1 f4 32. h3 Re5 33. Qg4 Rg5 34. Qd7+ Rf7 35. Qxf7+ Kxf7 36. Rxf4+ Nxf4 37. Rxf4+ Qxf4 38. Bxf4 Rg6 39. Kg1 Ke6 40. Kf2 Kf5 41. g3 Ke4 42. h4 h5 43. Ke2 Rf6 44. Be3 Rf3 45. Bf2 Rxc3 46. Kd2 Rf3 47. Ke2 d5 48. Bxc5 Rxg3 49. Be7 d4 50. Bd8 c6 51. b4 Rg2+ 52. Kd1 Kd5 53. Bg5 Kc4 54. Be7 Kc3 55. Bc5 Rd2+ 0-1

[Event "Wch Rapid (Women)"]
[Site "St Petersburg"]
[Date "2018.12.26"]
[Round "4"]
[White "Loskutova, Viktoriya"]
[Black "Dumcheva, Julia"]
[Result "1/2-1/2"]
[WhiteElo "2105"]
[BlackElo "2168"]
[PlyCount "90"]
[EventDate "2018.12.26"]
[EventType "swiss (rapid)"]
[EventRounds "12"]
[EventCountry "RUS"]
[SourceTitle "CBM 187 Extra"]
[Source "ChessBase"]
[SourceDate "2018.11.04"]
[SourceVersion "1"]
[SourceVersionDate "2018.11.04"]
[SourceQuality "1"]

1. e4 e6 2. d4 d5 3. Nd2 c5 4. exd5 Qxd5 5. Ngf3 cxd4 6. Bc4 Qd6 7. 0-0 Nc6 8. Nb3 a6 9. Nbxd4 Bd7 10. Be3 Nxd4 11. Nxd4 0-0-0 12. Qf3 Nf6 13. Rfd1 Qb4 14. Bb3 Bc5 15. a3 Qb6 16. Bc4 Bb5 17. Nxb5 Bxe3 18. Qxe3 Qxe3 19. fxe3 axb5 20. Bxb5 Kc7 21. h3 Nd5 22. Kf2 h5 23. Rd4 Rh6 24. Rad1 Rf6+ 25. Ke2 Rh8 26. Bd3 g5 27. Be4 Nb6 28. Bf3 e5 29. Re4 Re6 30. Rb4 f5 31. Kf2 g4 32. Be2 Rc6 33. c3 Rc5 34. e4 Rf8 35. exf5 Rxf5+ 36. Kg3 Nd5 37. Rb5 Kc6 38. Rxc5+ Kxc5 39. Re1 Nf6 40. Bd3 Rg5 41. Be4 b5 42. Bd3 Nd7 43. Kh4 Rg7 44. Bf5 Kd5 45. Bxg4 Nf6 1/2-1/2

[Event "Wch Rapid (Women)"]
[Site "St Petersburg"]
[Date "2018.12.26"]
[Round "2"]
[White "Voit, Daria"]
[Black "Dumcheva, Julia"]
[Result "1-0"]
[WhiteElo "2358"]
[BlackElo "2168"]
[PlyCount "67"]
[EventDate "2018.12.26"]
[EventType "swiss (rapid)"]
[EventRounds "12"]
[EventCountry "RUS"]
[SourceTitle "CBM 187 Extra"]
[Source "ChessBase"]
[SourceDate "2018.11.04"]
[SourceVersion "1"]
[SourceVersionDate "2018.11.04"]
[SourceQuality "1"]

1. Nf3 Nf6 2. c4 g6 3. d4 Bg7 4. Nc3 d6 5. Bg5 0-0 6. e3 c6 7. Be2 Qe8 8. h3 e5 9. 0-0 a6 10. a4 Nbd7 11. Qc2 h6 12. Bh4 Nh7 13. b4 f5 14. Rfe1 e4 15. Nd2 g5 16. Bg3 Qg6 17. b5 Rf7 18. bxc6 bxc6 19. Rab1 Bf8 20. a5 Rg7 21. Qa4 f4 22. Qxc6 fxg3 23. Qxa8 gxf2+ 24. Kxf2 Qf5+ 25. Kg1 Ndf6 26. Rf1 Qe6 27. Rb8 Rc7 28. Nd5 Nxd5 29. cxd5 Qd7 30. Bg4 Ra7 31. Bxd7 Rxa8 32. Rxa8 Bxd7 33. Rxa6 Bb5 34. Rxf8+ 1-0

[Event "PriFR-ch U18 Girls"]
[Site "Penza"]
[Date "2008.11.07"]
[Round "5"]
[White "Dumcheva, Julia"]
[Black "Yarullina, Alina"]
[Result "1-0"]
[WhiteElo "1972"]
[BlackElo "2004"]
[PlyCount "80"]
[EventDate "2008.11.03"]
[EventType "swiss"]
[EventRounds "9"]
[EventCountry "RUS"]
[SourceTitle "EXT 2022"]
[Source "ChessBase"]
[SourceDate "2021.10.06"]
[SourceVersion "1"]
[SourceVersionDate "2021.10.06"]
[SourceQuality "1"]

1. Nf3 d6 2. c4 c5 3. Nc3 g6 4. d4 cxd4 5. Nxd4 Bg7 6. e4 Nc6 7. Be3 Nh6 8. Be2 Nxd4 9. Bxd4 Bxd4 10. Qxd4 0-0 11. 0-0-0 Be6 12. f4 Qb6 13. Qd2 f5 14. exf5 Nxf5 15. g4 Ng7 16. h4 Rac8 17. h5 gxh5 18. f5 Bf7 19. gxh5 Kh8 20. f6 exf6 21. Qf4 Qc5 22. Rxd6 Bxc4 23. Bxc4 Qxc4 24. Qxc4 Rxc4 25. Rd7 b5 26. Kd2 b4 27. Kd3 Rg4 28. Ne4 Nf5 29. Rf1 Rxe4 30. Rxf5 Rfe8 31. Rxf6 R4e7 32. Rf7 Re3+ 33. Kc4 R3e4+ 34. Kb3 Re3+ 35. Ka4 h6 36. Rh7+ Kg8 37. Rxh6 Re2 38. Rhh7 Rxb2 39. Rdg7+ Kf8 40. h6 Rxa2+ 1-0

[Event "PriFR-ch U18 Girls"]
[Site "Penza"]
[Date "2008.11.03"]
[Round "1"]
[White "Kazakova, Anastasiya"]
[Black "Dumcheva, Julia"]
[Result "0-1"]
[WhiteElo "1912"]
[BlackElo "1972"]
[PlyCount "50"]
[EventDate "2008.11.03"]
[EventType "swiss"]
[EventRounds "9"]
[EventCountry "RUS"]
[SourceTitle "EXT 2022"]
[Source "ChessBase"]
[SourceDate "2021.10.06"]
[SourceVersion "1"]
[SourceVersionDate "2021.10.06"]
[SourceQuality "1"]

1. d4 Nf6 2. c4 e6 3. Nc3 Bb4 4. a3 Bxc3+ 5. bxc3 h6 6. e3 d6 7. Bd3 Nbd7 8. e4 c5 9. Nf3 e5 10. 0-0 0-0 11. d5 Nh5 12. g3 Ndf6 13. Nh4 g5 14. Ng2 Kh8 15. h4 Rg8 16. Be2 Nf4 17. gxf4 gxf4 18. Qd3 Nxe4 19. Bxf4 exf4 20. Qxe4 Qxh4 21. Rfe1 Rxg2+ 22. Qxg2 Bh3 23. Qh2 Rg8+ 24. Kh1 Bg2+ 25. Kg1 Be4+ 0-1

[Event "PriFR-ch U18 Girls"]
[Site "Gorodets"]
[Date "2007.11.??"]
[Round "8"]
[White "Yarullina, Alina"]
[Black "Dumcheva, Julia"]
[Result "1/2-1/2"]
[WhiteElo "2027"]
[BlackElo "1881"]
[PlyCount "60"]
[EventDate "2007.11.02"]
[EventType "swiss"]
[EventRounds "9"]
[EventCountry "RUS"]
[SourceTitle "EXT 2022"]
[Source "ChessBase"]
[SourceDate "2021.10.06"]
[SourceVersion "1"]
[SourceVersionDate "2021.10.06"]
[SourceQuality "1"]

1. c4 Nf6 2. Nc3 c5 3. e4 e5 4. g3 d6 5. Bg2 Nc6 6. Nf3 Be7 7. d3 a6 8. Bd2 0-0 9. 0-0 Ne8 10. Ne1 Nd4 11. f4 Rb8 12. Nc2 f5 13. Nxd4 cxd4 14. Nd5 b5 15. Ba5 Qd7 16. exf5 bxc4 17. dxc4 Rxb2 18. Bb4 Nf6 19. Nxf6+ Bxf6 20. Bd5+ Kh8 21. Ba3 Rb8 22. fxe5 Bxe5 23. Qh5 Bb7 24. Qf3 Bxd5 25. Qxd5 Rxf5 26. Rxf5 Qxf5 27. Bxd6 Rb1+ 28. Rxb1 Qxb1+ 29. Kg2 Qc2+ 30. Kh3 Qf5+ 1/2-1/2